000 00441nam a2200169Ia 4500
008 220204s9999 xx 000 0 und d
082 _a630*82
_bSAD
245 0 _aBioconversion of forest and agricultural plant residues
260 _aUK
_c1993
650 _aAgricultural waste analysis
650 _aBiomass
650 _aEnzyme conversion
650 _aEthanol
650 _aWood hydrolysates
700 _aSaddler, J N
942 _cBK
999 _c40471
_d40471